The noble scholar, jurist, historian


 His Excellency Dr. Abdul Wahhab bin Ibrahim Abu Sulaiman, may Allah have mercy on him.


 He was born in Umm Al-Qura in the year 1356 AH.

نبذة في استكشاف طريق الأرض الحجازية من الوجة وينبع البحر إلى المدينة النبوية وبيان خريطتها العسكرية / (Record no. 14107)

MARC details
000 -LEADER
fixed length control field 01087cam a22002531i 4500
003 - CONTROL NUMBER IDENTIFIER
control field SA-RiAUC
005 - DATE AND TIME OF LATEST TRANSACTION
control field 20260119134638.0
008 - FIXED-LENGTH DATA ELEMENTS--GENERAL INFORMATION
fixed length control field 260101s1877 ua g 000r0 ara c
040 ## - CATALOGING SOURCE
Original cataloging agency SA-RiKSU
Language of cataloging ara
Transcribing agency SA-RiAUC
Description conventions rda
043 ## - GEOGRAPHIC AREA CODE
Geographic area code a-su---
082 04 - DEWEY DECIMAL CLASSIFICATION NUMBER
Classification number 915.31204
090 ## - LOCALLY ASSIGNED LC-TYPE CALL NUMBER (OCLC); LOCAL CALL NUMBER (RLIN)
Classification number (OCLC) (R) ; Classification number, CALL (RLIN) (NR) م ن 915.31204
Local cutter number (OCLC) ; Book number/undivided call number, CALL (RLIN) م ح م
100 0# - MAIN ENTRY--PERSONAL NAME
Personal name محمد صادق،
Titles and words associated with a name اللواء،
Dates associated with a name 1238-1320 هجري
Relator term مؤلف.
245 10 - TITLE STATEMENT
Title نبذة في استكشاف طريق الأرض الحجازية من الوجة وينبع البحر إلى المدينة النبوية وبيان خريطتها العسكرية /
Statement of responsibility, etc. محمد صادق بك.
264 #1 - PRODUCTION, PUBLICATION, DISTRIBUTION, MANUFACTURE, AND COPYRIGHT NOTICE
Place of production, publication, distribution, manufacture القاهرة :
Name of producer, publisher, distributor, manufacturer ديوان الجهادية،
Date of production, publication, distribution, manufacture, or copyright notice 1877
300 ## - PHYSICAL DESCRIPTION
Extent 28 صفحة ؛
Dimensions 19 سم
336 ## - CONTENT TYPE
Content type term نص
Content type code txt
Source rdacontent
Materials specified كتاب
337 ## - MEDIA TYPE
Media type term بدون وسيط
Media type code n
Source rdamedia
338 ## - CARRIER TYPE
Carrier type term مجلد
Carrier type code nc
Source rdacarrier
651 #7 - SUBJECT ADDED ENTRY--GEOGRAPHIC NAME
Geographic name الحجاز (السعودية)
General subdivision وصف ورحلات
Source of heading or term aucsh
651 #7 - SUBJECT ADDED ENTRY--GEOGRAPHIC NAME
Geographic name الحجاز (السعودية)
General subdivision جغرافيا
Source of heading or term aucsh
942 ## - ADDED ENTRY ELEMENTS (KOHA)
Source of classification or shelving scheme Dewey Decimal Classification
Koha item type كتاب مصور نادر
Suppress in OPAC No
949 ## - LOCAL PROCESSING INFORMATION (OCLC)
a SA-JeALM
d 260101
u mohamedma123
n 1
Holdings
Withdrawn status Lost status Source of classification or shelving scheme Damaged status Not for loan Home library Current library Date acquired Total checkouts Full call number Barcode Date last seen Price effective from Koha item type
    Dewey Decimal Classification     DR AbdElwahab Library DR AbdElwahab Library 01/19/2026   م ن 915.31204 م ح م 000022548 01/19/2026 01/19/2026 كتاب مصور نادر
    Dewey Decimal Classification     DR AbdElwahab Library DR AbdElwahab Library 03/13/2026   م ن 915.31204 م ح م 000023053 03/13/2026 03/13/2026 كتاب مصور نادر